Connais-tu vraiment F.R.I.E.N.D.S ? - Statistiques

Statistiques générales
  • Ce quiz a été pris 2 265 fois
  • Le résultat moyen est 4 sur 15
Statistiques - réponses
Hint Réponse % Correct
Numéro d'appartement de Monica (après) 20
66%
Nombre de catégories de serviettes 11
63%
Prononce la dernière réplique Chandler
49%
Nom du pingouin de Joey Hugsy
44%
Nationalité de Margha hollandaise
28%
Unagi pour Rachel et Phoebe sushi
26%
Cocktail de Ross "I'm Fine" Margarita
25%
Ce que voudrais Chandler (Episode 1) un million de dollars
22%
Sauce de thanksgiving chandler canneberge
13%
Groupe que veux Chandler pour son mariage Swing kings
13%
Faux nom que Joey donne aux filles Ken adams
12%
Mari de Janice (saison 8) Sid
10%
Cousine très attirante de Ross et Monica Cassie
9%
Comte où se trouve la maison de Chandler et Monica westchester
9%
Poids de Joey à sa naissance 9,5
5%
Aucun quiz correspondant
Distribution des résultats
% des personnes avec chaque résultat
Percentile par nombre de réponses
Votre historique - résultats
Vous n’avez pas pris ce quiz